000 nam a22 7a 4500
999 _c7764
_d7764
008 171006b xxu||||| |||| 00| 0 eng d
100 _94242
_aSharma.J.P.
245 _aBiology-XII
260 _aNew Delhi
_blaxmi
_c2009